Montréal Canadiens 24/25 Official Roster - Statistiques

Statistiques générales
  • Ce quiz a été pris 91 fois
  • Le résultat moyen est 18 sur 22
Statistiques - réponses
Hint Réponse % Correct
RW Cole Caufield
100%
C Nick Suzuki
100%
G Sam Montembeault
92%
D Lane Hutson
89%
RW Brendan Gallagher
86%
LW Juraj Slafkovsky
85%
C Jake Evans
83%
D Arber Xhekaj
82%
D David Savard
82%
RW Josh Anderson
82%
D Mike Matheson
82%
D Kaiden Guhle
80%
C Alex Newhook
79%
RW Patrik Laine
79%
D Jayden Struble
77%
RW Joel Armia
77%
G Cayden Primeau
73%
C Christian Dvorak
73%
C Kirby Dach
73%
LW Emil Heineman
67%
LW Michael Pezzetta
65%
D Justin Barron
59%
Aucun quiz correspondant
Distribution des résultats
% des personnes avec chaque résultat
Percentile par nombre de réponses
Votre historique - résultats
Vous n’avez pas pris ce quiz